The new project management : tools for an age of rapid change, complexity, and other business realities (Record no. 101869)
[ view plain ]
| 000 -LEADER | |
|---|---|
| fixed length control field | 01243cam a2200277 4500 |
| 001 - CONTROL NUMBER | |
| control field | |
| 008 - FIXED-LENGTH DATA ELEMENTS--GENERAL INFORMATION | |
| fixed length control field | 020128n2002 000 0 eng u |
| 020 ## - INTERNATIONAL STANDARD BOOK NUMBER | |
| International Standard Book Number | 0787958921 |
| 035 ## - SYSTEM CONTROL NUMBER | |
| System control number | (Sirsi) u116487 |
| 041 ## - LANGUAGE CODE | |
| Language code of text/sound track or separate title | eng. |
| 050 ## - LIBRARY OF CONGRESS CALL NUMBER | |
| Classification number | 658.404 |
| 100 ## - MAIN ENTRY--PERSONAL NAME | |
| Personal name | Davidson Frame, J. |
| 245 #4 - TITLE STATEMENT | |
| Title | The new project management : tools for an age of rapid change, complexity, and other business realities |
| 250 ## - EDITION STATEMENT | |
| Edition statement | 2nd ed. |
| 260 ## - PUBLICATION, DISTRIBUTION, ETC. | |
| Place of publication, distribution, etc. | San Francisco |
| Name of publisher, distributor, etc. | Wiley |
| Date of publication, distribution, etc. | 2002 |
| 300 ## - PHYSICAL DESCRIPTION | |
| Extent | xxi,360p. |
| Dimensions | 24cm. |
| 350 ## - PRICE (NR) (BK AM CF MU VM SE) [OBSOLETE] | |
| Price | 29.95 |
| 490 ## - SERIES STATEMENT | |
| Series statement | The Jossey-Bass Business & Management Series |
| 520 ## - SUMMARY, ETC. | |
| Summary, etc. | Looks at the core competencies required for managerial success in today's corporate climate where downsizing, outsourcing and employee empowerment are a way of life. Among the issues addressed are risk management, estimating, ensuring customer satisfaction, managing contractors, managing managers, building team spirit and accelerating schedules. The text is aimed at people working in a broad range of fields who find themselves struggling to manage projects in a chaotic world. |
| 650 ## - SUBJECT ADDED ENTRY--TOPICAL TERM | |
| Topical term or geographic name entry element | MANAGEMENT |
| 650 ## - SUBJECT ADDED ENTRY--TOPICAL TERM | |
| Topical term or geographic name entry element | RISK MANAGEMENT |
| 650 ## - SUBJECT ADDED ENTRY--TOPICAL TERM | |
| Topical term or geographic name entry element | OUTSOURCING |
| 650 ## - SUBJECT ADDED ENTRY--TOPICAL TERM | |
| Topical term or geographic name entry element | PROJECT MANAGERS |
| 690 ## - LOCAL SUBJECT ADDED ENTRY--TOPICAL TERM (OCLC, RLIN) | |
| Topical term or geographic name as entry element | Project management |
| 9 (RLIN) | 6261 |
| 942 ## - ADDED ENTRY ELEMENTS (KOHA) | |
| Suppress in OPAC | 0 |
| Withdrawn status | Lost status | Source of classification or shelving scheme | Damaged status | Not for loan | Home library | Current library | Shelving location | Date acquired | Cost, normal purchase price | Total Checkouts | Full call number | Barcode | Date last seen | Date last checked out | Copy number | Cost, replacement price | Price effective from | Koha item type |
|---|---|---|---|---|---|---|---|---|---|---|---|---|---|---|---|---|---|---|
| Dewey Decimal Classification | London | London | Books | 25/07/2002 | 25.46 | 16 | 658.404 DAV | 30066263 | 06/08/2019 | 01/05/2006 | 1 | 25.46 | 06/08/2019 | Book |